Japanese Prefectural Capitals (map) - Statistics

General Stats
  • This quiz has been taken 395 times
  • The average score is 36 of 47
Answers on the Map
Answers color-coded by a green-red scale on the quiz's map according to % correct below.
 
Answer Stats
Prefecture % Correct
Sapporo
96%
Osaka
94%
Hiroshima
92%
Nagasaki
92%
Kyoto
91%
Chiba
90%
Fukuoka
90%
Fukushima
88%
Sendai
88%
Aomori
87%
Akita
86%
Niigata
86%
Kobe
85%
Nagoya
85%
Nara
85%
Shizuoka
85%
Nagano
84%
Saitama
84%
Yokohama
82%
Kagoshima
81%
Toyama
81%
Yamaguchi
81%
Kumamoto
80%
Miyazaki
80%
Naha
80%
Okayama
80%
Saga
80%
Wakayama
79%
Yamagata
79%
Fukui
78%
Kōchi
78%
Ōita
78%
Tottori
78%
Gifu
76%
Tokushima
75%
Kanazawa
67%
Tsu
66%
Matsuyama
61%
Morioka
60%
Utsunomiya
59%
Otsu
58%
Mito
55%
Maebashi
54%
Matsue
53%
Shinjuku
53%
Kofu
52%
Takamatsu
52%
No matching quizzes found
Score Distribution
Percent of People with Each Score
Percentile by Number Answered
Your Score History
You have not taken this quiz